India's great adventure (Record no. 509189)
[ view plain ]
| 000 -LEADER | |
|---|---|
| fixed length control field | 00263nam a22000977a 4500 |
| 082 ## - DEWEY DECIMAL CLASSIFICATION NUMBER | |
| Classification number | T19x54 |
| 100 ## - MAIN ENTRY--PERSONAL NAME | |
| Personal name | First National City Bank of New York |
| 9 (RLIN) | 4798 |
| 245 ## - TITLE STATEMENT | |
| Title | India's great adventure |
| 260 ## - PUBLICATION, DISTRIBUTION, ETC. (IMPRINT) | |
| Place of publication, distribution, etc | New York |
| Name of publisher, distributor, etc | First National City Bank of New York |
| 300 ## - PHYSICAL DESCRIPTION | |
| Extent | 22p. |
No items available.
